000 01117cam a22002651i 4500
003 SA-RiAUC
005 20241221062625.0
008 241216s1983 le g i 000 0 ara c
040 _aJO-IrYU
_bara
_cSA-RiAUC
_erda
041 1 _aara
_heng
050 4 _b.W46 1983
082 0 4 _a235.016
_qSA-RiAUC
090 _a235.016
_bف ن س
100 1 _aفنسنك، أرند جان،
_d1882-1939
_eمؤلف.
245 1 0 _aمفتاح كنوز السنة :
_bهو معجم مفهرس عام تفصيلي للكشف عن الأحاديث... /
_cوضعه بالإنجليزية أ. ي. فنسنك ؛ ترجمة محمد فؤاد عبد الباقي.
264 1 _aبيروت :
_bدار إحياء التراث العربي،
_c1983
300 _aأ-و، 552 صفحة ؛
_c24 سم
336 _aنص
_btxt
_2rdacontent
_3كتاب
337 _aبدون وسيط
_bn
_2rdamedia
338 _aمجلد
_bnc
_2rdacarrier
650 7 _aالحديث
_vكشافات
_2aucsh
700 1 _aعبد الباقي، محمد فؤاد،
_d1882-1968
_eمترجم.
942 _2ddc
_cBOOK
_n0
949 _aSA-JeALM
_d241216
_umohamedma123
_n1
999 _c3722
_d3722